Υπόμνημα : εν είδει διαμαρτυρίας και λογοδοσίας δια την καταπάτησιν του δικαίου

Αποθηκεύτηκε σε:
Λεπτομέρειες βιβλιογραφικής εγγραφής
Κύριος συγγραφέας: Πάγκαλος, Γεώργιος Εμμ., 1882-1975
Μορφή: Βιβλίο
Γλώσσα:Greek
Δημοσίευση: Εν Αθήναις : [χ.ό.], 1953
Θέματα:
Διαθέσιμο Online:http://hdl.handle.net/11610/16581
Ετικέτες: Προσθήκη ετικέτας
Δεν υπάρχουν, Καταχωρήστε ετικέτα πρώτοι!

MARC

LEADER 00000cam a2200000 i 4500
001 1/60412
008 141127s1953 gre d
035 |l 10119868 
040 |a GR-MY-UA  |b gre  |e aacr 
041 0 |a gre 
082 0 |a 489.37  |2 (23) 
100 1 |a Πάγκαλος, Γεώργιος Εμμ.,   |d 1882-1975. 
245 1 0 |a Υπόμνημα :  |b εν είδει διαμαρτυρίας και λογοδοσίας δια την καταπάτησιν του δικαίου /  |c Γεωργίου Εμμανουήλ Παγκάλου 
260 |a Εν Αθήναις :   |b [χ.ό.],   |c 1953 
300 |a 110 [1] σ.;  |c 25 εκ. 
500 |a Υπάρχει ψηφιακό αντίγραφο.  
500 |a Μετά παραθέσεως: 1) Βεβαιώσεων δεκαπέντε Πανεπιστημιακών Καθηγητών και Ακαδημεικών περί της αξίας του εν χειρογράφω βιβλίου μου "Περί του γλωσσικού ιδιώματος της Κρήτης εν αντπαραβολή προς τα αντίστοιχα γλωσσικά φαινόμενα της λοιπής Ελλάδος" και 2) γλωσσολογικο-ετυμολογικής εμηνείας δέκα λέξεων, ως δειγμάτων της εν τω ανωτέρω βιβλίω γενομένης επιστημονικής εργασίας μου, των εξής: αβγαλεσά, goνυζά (Αγουζά), αρμυροκουρούνα (αρμυροκουλλούρα), αρνεά, αρνοκύρις, θεόνημως, λιάτικος (Ασπρολιάτικος), πακαλιλατίζω, ρέμα και τραλλίζω και περί των παθημάτων του φθόγγου λ. 
504 |a Βιβλιογραφία: σ. [97]-104 
650 0 0 |a Greek language  |x Dialects  |z Greece  |z Crete. 
852 |a INST  |b SAMOS  |c PORFYRIADA  |e 20141127  |h 489.37 ΠΑΓ  |p 005300040823  |q 005300040823  |t NOLOAN  |y 23 
856 |u http://hdl.handle.net/11610/16581 
901 |a BIBL3-2014-3 
909 |a Σ  |b 185427 
970 |a ΚΟΣΙΕΡΗΣ  |b ΧΡΗΣΤΟΣ  |z 2014/11/27